| 000 | 01115nam a2200313 i 4500 | ||
|---|---|---|---|
| 001 | bg | ||
| 100 | 1 | _aWójtowicz, Michał. | |
| 245 | 1 | 0 |
_aZabezpieczanie przed korozją stalowych konstrukcji budowlanych za pomocą powłok malarskich : _binstrukcja / _cMichal Wójtowicz ; [oprac. red. Danuta Szczepańska]. |
| 260 |
_aWarszawa : _bInstytut Techniki Budowlanej, _c2010. |
||
| 300 |
_a38 s. : _bil. (w tym kolor.) ; _c24 cm. |
||
| 490 | 1 |
_aInstrukcje, Wytyczne, Poradniki / Instytut Techniki Budowlanej ; _v400/2010 |
|
| 650 | 4 |
_aKonstrukcje stalowe _xochrona i konserwacja _xnormalizacja |
|
| 650 | 4 |
_aKorozja i erozja _xzapobieganie i zwalczanie |
|
| 650 | 4 | _aInstrukcje | |
| 700 | 1 |
_aSzczepańska, Danuta. _eOprac. |
|
| 830 | 0 |
_aInstrukcje, Wytyczne, Poradniki - Instytut Techniki Budowlanej ; _v400/2010 |
|
| 020 | _a9788324932313 | ||
| 040 | _cBPK | ||
| 041 | 0 | _apol | |
| 044 | _aPOL | ||
| 080 | _a624.014.2 | ||
| 080 | _a620.193 | ||
| 080 | _a620.197 | ||
| 080 | _a006.3/.8 | ||
| 080 | _a(083.1) | ||
| 920 | _a978-83-249-3231-3 | ||
| 942 | _cKS | ||
| 008 | 111104s2010 pl a |000 0 pol | ||
| 999 |
_c49855 _d49855 |
||
| 856 |
_uhttp://koha.tu.koszalin.pl/cgi-bin/koha/opac-detail.pl?biblionumber=49855 _yKatalog online BPK |
||